[Event "NB II. Asztalos csoport"]
[Site "Pecs"]
[Date "2024.05.12"]
[Round "9.6"]
[White "Mitric, Milutin"]
[Black "Szijarto, Attila"]
[Result "0-1"]
[WhiteElo "1844"]
[BlackElo "1961"]
[PlyCount "50"]
[EventDate "2023.10.08"]
[EventType "team-tourn"]
[EventRounds "9"]
[EventCountry "HUN"]
[Source "chess.hu"]
[WhiteTeam "Karmin PSSE"]
[BlackTeam "Sakk Egylet Nagyatad"]
[WhiteTeamCountry "HUN"]
[BlackTeamCountry "HUN"]

1. d4 Nf6 2. Nf3 e6 3. Bf4 b6 4. e3 Bb7 5. Bd3 Be7 6. Nbd2 Nd5 7. Bg3 Nb4 8.
Be2 c5 9. c3 N4c6 10. Nc4 d5 11. Nce5 O-O 12. Bd3 f6 13. Bxh7+ Kxh7 14. h4 Nxe5
15. Ng5+ fxg5 16. hxg5+ Kg8 17. Bxe5 Bxg5 18. Qh5 Bf6 19. O-O-O Nd7 20. Bd6
cxd4 21. Qh7+ Kf7 22. Qh5+ g6 23. Qh7+ Bg7 24. Rh6 Qf6 25. Bxf8 Nxf8 0-1

[Event "NB II. Asztalos csoport"]
[Site "Pecs"]
[Date "2024.05.12"]
[Round "9.7"]
[White "Szijarto, Andras"]
[Black "Feher, Laszlo"]
[Result "1-0"]
[WhiteElo "2080"]
[BlackElo "1781"]
[PlyCount "41"]
[EventDate "2023.10.08"]
[EventType "team-tourn"]
[EventRounds "9"]
[EventCountry "HUN"]
[Source "chess.hu"]
[WhiteTeam "Sakk Egylet Nagyatad"]
[BlackTeam "Karmin PSSE"]
[WhiteTeamCountry "HUN"]
[BlackTeamCountry "HUN"]

1. d4 c6 2. Bf4 Qb6 3. Nc3 Nf6 4. e4 Qxb2 5. Bd2 Qb6 6. Nf3 d5 7. Rb1 Qc7 8. e5
Ne4 9. Nxe4 dxe4 10. Ng5 Bf5 11. Bc4 e6 12. Qe2 b5 13. Bb3 a5 14. a4 Qb6 15.
axb5 h6 16. Nxe4 cxb5 17. Ba4 Nd7 18. Bxb5 Qxd4 19. Ng3 Bg6 20. O-O Rd8 21.
Bxa5 1-0

[Event "NB II. Asztalos csoport"]
[Site "Pecs"]
[Date "2024.05.12"]
[Round "9.8"]
[White "Nagy, Peter"]
[Black "Ferencz, Miklos"]
[Result "1/2-1/2"]
[WhiteElo "1851"]
[BlackElo "1991"]
[PlyCount "33"]
[EventDate "2023.10.08"]
[EventType "team-tourn"]
[EventRounds "9"]
[EventCountry "HUN"]
[Source "chess.hu"]
[WhiteTeam "Karmin PSSE"]
[BlackTeam "Sakk Egylet Nagyatad"]
[WhiteTeamCountry "HUN"]
[BlackTeamCountry "HUN"]

1. Nf3 c5 2. b3 Nc6 3. Bb2 e6 4. e3 Nf6 5. Be2 Be7 6. O-O Qc7 7. c4 d6 8. Nc3
O-O 9. d4 a6 10. Qd2 b6 11. a3 Bb7 12. Rfd1 Rac8 13. Rac1 Rfd8 14. Qc2 h6 15.
dxc5 bxc5 16. Nd2 Ne5 17. Nce4 1/2-1/2

[Event "NB II. Asztalos csoport"]
[Site "Pecs"]
[Date "2024.05.12"]
[Round "9.9"]
[White "Bocska, Janos"]
[Black "Gyori, Barnabas"]
[Result "1-0"]
[WhiteElo "1968"]
[BlackElo "1804"]
[PlyCount "53"]
[EventDate "2023.10.08"]
[EventType "team-tourn"]
[EventRounds "9"]
[EventCountry "HUN"]
[Source "chess.hu"]
[WhiteTeam "Sakk Egylet Nagyatad"]
[BlackTeam "Karmin PSSE"]
[WhiteTeamCountry "HUN"]
[BlackTeamCountry "HUN"]

1. d4 Nf6 2. Nf3 d5 3. c4 c6 4. Nc3 Bf5 5. cxd5 cxd5 6. Bf4 Qb6 7. Na4 Qb4+ 8.
Bd2 Qd6 9. Qb3 Nc6 10. Rc1 b6 11. e3 Bd7 12. Bb5 e6 13. a3 Be7 14. O-O Ne4 15.
Rxc6 Bxc6 16. Bb4 Qc7 17. Rc1 Nc5 18. Bxc6+ Qxc6 19. dxc5 O-O 20. Nd4 Qc7 21.
c6 Bxb4 22. Qxb4 Qe5 23. c7 Rfc8 24. Qe7 g6 25. Nb5 Kg7 26. Nd6 Rab8 27. Nxc8
1-0

[Event "NB II. Asztalos csoport"]
[Site "Pecs"]
[Date "2024.05.12"]
[Round "9.10"]
[White "Pinter, Szabolcs Peter"]
[Black "Krivarics, Robert"]
[Result "1-0"]
[WhiteElo "1846"]
[BlackElo "1892"]
[PlyCount "75"]
[EventDate "2023.10.08"]
[EventType "team-tourn"]
[EventRounds "9"]
[EventCountry "HUN"]
[Source "chess.hu"]
[WhiteTeam "Karmin PSSE"]
[BlackTeam "Sakk Egylet Nagyatad"]
[WhiteTeamCountry "HUN"]
[BlackTeamCountry "HUN"]

1. e4 d5 2. exd5 Nf6 3. d4 Nxd5 4. c4 Nb4 5. Qa4+ N8c6 6. a3 Na6 7. d5 Nc5 8.
Qd1 Ne5 9. b4 Na6 10. Bb2 Ng6 11. h4 e6 12. h5 Ne7 13. h6 Nf5 14. g4 Nxh6 15.
Rxh6 gxh6 16. Bxh8 exd5 17. Qxd5 Qe7+ 18. Qe5 Be6 19. Bf6 Qd7 20. c5 Nb8 21.
Nc3 Nc6 22. Qe3 Be7 23. Rd1 Qc8 24. Bxe7 Kxe7 25. Nd5+ Ke8 26. Bb5 a6 27. Ba4
a5 28. b5 Nd8 29. b6+ c6 30. Nc7+ Ke7 31. Nxa8 Qxa8 32. Qe5 Qc8 33. Qc7+ Bd7
34. Qxc8 Bxc8 35. Rxd8 Kxd8 36. f3 Be6 37. Kd2 Ke7 38. Bxc6 1-0

[Event "NB II. Asztalos csoport"]
[Site "Pecs"]
[Date "2024.05.12"]
[Round "9.11"]
[White "Gyorkos, Krisztina"]
[Black "Lang, Bence"]
[Result "0-1"]
[WhiteElo "1650"]
[BlackElo "1675"]
[PlyCount "48"]
[EventDate "2023.10.08"]
[EventType "team-tourn"]
[EventRounds "9"]
[EventCountry "HUN"]
[Source "chess.hu"]
[WhiteTeam "Sakk Egylet Nagyatad"]
[BlackTeam "Karmin PSSE"]
[WhiteTeamCountry "HUN"]
[BlackTeamCountry "HUN"]

1. e4 c5 2. Nf3 e6 3. d4 cxd4 4. Nxd4 a6 5. e5 Qa5+ 6. Nc3 Qxe5+ 7. Be3 Nc6 8.
Nf3 Qc7 9. g3 d5 10. Bg2 Nf6 11. O-O b5 12. a3 Bd6 13. Re1 O-O 14. Qd3 Bb7 15.
Nd2 Ng4 16. Ne2 Nce5 17. Qb3 Nc4 18. Nd4 Ngxe3 19. Nxc4 Nxc4 20. a4 Bc5 21. Ne2
Qb6 22. Qf3 Nd2 23. Qf4 Ne4 24. Kh1 Nxf2+ 0-1

[Event "NB II. Barcza csoport"]
[Site "Debrecen"]
[Date "2023.10.08"]
[Round "1.1"]
[White "Kerek, Krisztian"]
[Black "Bai, Attila"]
[Result "1-0"]
[WhiteElo "2229"]
[BlackElo "2142"]
[PlyCount "135"]
[EventDate "2023.10.08"]
[EventType "team-tourn"]
[EventRounds "9"]
[EventCountry "HUN"]
[Source "chess.hu"]
[WhiteTeam "Mezokovesd  Zsory SE"]
[BlackTeam "DEAC-Debr.Sakkiskola"]
[WhiteTeamCountry "HUN"]
[BlackTeamCountry "HUN"]

1. e4 c5 2. Nf3 Nc6 3. Bb5 g6 4. Bxc6 dxc6 5. d3 Bg7 6. h3 b6 7. Nc3 Nf6 8. Be3
O-O 9. Qd2 Re8 10. O-O e5 11. a4 a5 12. Bh6 Ba6 13. b3 Bh8 14. g4 Ra7 15. Qe3
Nd7 16. Ne2 Nf8 17. Bxf8 Rxf8 18. Ng3 Bc8 19. Kg2 f5 20. exf5 gxf5 21. gxf5
Bxf5 22. Rae1 Qd5 23. Kh2 Bxh3 24. Rg1 Rg7 25. Nxe5 Bc8 26. Nh5 Qd8 27. Rxg7+
Bxg7 28. Qg3 Qe7 29. Nxg7 Qxg7 30. Nxc6 Bg4 31. Ne5 h5 32. Rg1 Rf5 33. Nxg4
hxg4 34. Qxg4 Rxf2+ 35. Kh3 Qxg4+ 36. Rxg4+ Kf7 37. Rg2 Rf6 38. Kg3 Ke6 39. Rf2
Rh6 40. Kf3 Kd5 41. Ke2 Kc6 42. Rf8 Rh2+ 43. Kd1 Kd6 44. Rf6+ Kc7 45. Re6 Kb7
46. Re2 Rh6 47. Kd2 Kc6 48. Rg2 Kd5 49. Kc3 Kc6 50. Re2 Kd5 51. Rg2 Kc6 52. Rf2
Rg6 53. Re2 Kd5 54. Kd2 Rh6 55. Rg2 Re6 56. Rg5+ Kc6 57. Rf5 Rh6 58. Rf2 Kd5
59. c3 Rg6 60. Rf5+ Kc6 61. d4 cxd4 62. cxd4 Rg3 63. Kc2 Rh3 64. Rf6+ Kd5 65.
Rxb6 Kxd4 66. Rf6 Rh2+ 67. Kb1 Kd5 68. Ra6 1-0

[Event "NB II. Barcza csoport"]
[Site "Debrecen"]
[Date "2023.10.08"]
[Round "1.2"]
[White "Mate, Balazs"]
[Black "Burghardt, Jozsef"]
[Result "1-0"]
[WhiteElo "2026"]
[BlackElo "2102"]
[PlyCount "101"]
[EventDate "2023.10.08"]
[EventType "team-tourn"]
[EventRounds "9"]
[EventCountry "HUN"]
[Source "chess.hu"]
[WhiteTeam "DEAC-Debr.Sakkiskola"]
[BlackTeam "Mezokovesd  Zsory SE"]
[WhiteTeamCountry "HUN"]
[BlackTeamCountry "HUN"]

1. e4 c5 2. Nf3 g6 3. c4 Bg7 4. d4 d6 5. Nc3 Qa5 6. h3 Nc6 7. Be3 Nf6 8. Qd2
cxd4 9. Nxd4 Bd7 10. Rd1 O-O 11. Be2 Nxd4 12. Bxd4 Bc6 13. Bf3 Rfc8 14. O-O a6
15. b3 Nd7 16. Bg4 Re8 17. Bxg7 Kxg7 18. Bxd7 Bxd7 19. Nd5 Qxd2 20. Rxd2 Rad8
21. Rfd1 Bc6 22. Nc7 Rf8 23. e5 Rd7 24. exd6 exd6 25. Nd5 Bxd5 26. Rxd5 Rfd8
27. a4 Kf6 28. f4 h5 29. Kf2 Ke7 30. Kf3 Rc8 31. Ke4 f5+ 32. Kf3 h4 33. g4 hxg3
34. Kxg3 Ke6 35. R1d3 b6 36. a5 bxa5 37. Rxa5 Rc6 38. Kh4 Rh7+ 39. Kg3 Rb7 40.
Kf2 Rcb6 41. Ra3 Rh7 42. Ra1 Rhb7 43. Re1+ Kf7 44. Ree3 Re7 45. Rxe7+ Kxe7 46.
Ke3 Kf6 47. h4 Ke6 48. Kd4 Kd7 49. Rg3 a5 50. Kc3 d5 51. Rd3 1-0

[Event "NB II. Barcza csoport"]
[Site "Debrecen"]
[Date "2023.10.08"]
[Round "1.3"]
[White "Paal-Szucs, Attila"]
[Black "Menyhart, Tibor"]
[Result "0-1"]
[WhiteElo "2042"]
[BlackElo "1974"]
[PlyCount "138"]
[EventDate "2023.10.08"]
[EventType "team-tourn"]
[EventRounds "9"]
[EventCountry "HUN"]
[Source "chess.hu"]
[WhiteTeam "Mezokovesd  Zsory SE"]
[BlackTeam "DEAC-Debr.Sakkiskola"]
[WhiteTeamCountry "HUN"]
[BlackTeamCountry "HUN"]

1. e4 e5 2. Nf3 Nf6 3. Nxe5 d6 4. Nf3 Nxe4 5. Qe2 Qe7 6. d3 Nf6 7. Bg5 Qxe2+ 8.
Bxe2 Be7 9. O-O c6 10. Nc3 Na6 11. Ne4 Nxe4 12. Bxe7 Kxe7 13. dxe4 Nc5 14. Nd2
Be6 15. Rae1 f6 16. Bc4 b5 17. Bxe6 Kxe6 18. f4 Rae8 19. Nf3 Rhf8 20. b4 Na6
21. a3 c5 22. c3 Rc8 23. Rd1 Rfd8 24. Rd5 Nc7 25. Rh5 cxb4 26. cxb4 d5 27. Nd4+
Kf7 28. exd5 Kg6 29. Rh4 Nxd5 30. Ne6 Rh8 31. f5+ Kf7 32. Rd1 Nb6 33. Rhd4 Rhe8
34. Nc5 Re2 35. Re4 Ra2 36. Nb7 Kf8 37. Nd6 Rd8 38. Rde1 g6 39. Re8+ Rxe8 40.
Rxe8+ Kg7 41. Re7+ Kh6 42. fxg6 hxg6 43. Rxa7 Nd5 44. Nxb5 Ne3 45. h3 Kg5 46.
Re7 Rxg2+ 47. Kh1 Rg3 48. Nd4 Rxh3+ 49. Kg1 f5 50. b5 Nd5 51. Re5 Nb6 52. Re6
Nd5 53. a4 Nf4 54. Rd6 Ra3 55. Ra6 Kg4 56. Kf2 Ra2+ 57. Ke1 Nd3+ 58. Kd1 g5 59.
b6 Nc5 60. Ra5 Nb7 61. Ra7 Nc5 62. Nb5 f4 63. Rc7 f3 64. Nc3 Ra1+ 65. Kd2 f2
66. Nd5 Rd1+ 67. Kxd1 f1=Q+ 68. Kd2 Qd3+ 69. Kc1 Qxd5 0-1

[Event "NB II. Barcza csoport"]
[Site "Debrecen"]
[Date "2023.10.08"]
[Round "1.4"]
[White "Davaademberel, Purevdorj"]
[Black "Pap, Janos"]
[Result "1-0"]
[WhiteElo "1880"]
[BlackElo "2046"]
[PlyCount "85"]
[EventDate "2023.10.08"]
[EventType "team-tourn"]
[EventRounds "9"]
[EventCountry "HUN"]
[Source "chess.hu"]
[WhiteTeam "DEAC-Debr.Sakkiskola"]
[BlackTeam "Mezokovesd  Zsory SE"]
[WhiteTeamCountry "HUN"]
[BlackTeamCountry "HUN"]

1. e4 c5 2. Nf3 d6 3. d4 cxd4 4. Nxd4 Nf6 5. Nc3 a6 6. Be3 e5 7. Nb3 Be6 8. Qd2
Nbd7 9. O-O-O Rc8 10. Kb1 Be7 11. f4 Qc7 12. f5 Bc4 13. g4 Nxg4 14. Rg1 Nxe3
15. Qxe3 Qb6 16. Qg3 Nf6 17. Bxc4 Rxc4 18. Qd3 Rc8 19. Rxg7 Bf8 20. Rg2 Qc7 21.
Nd2 b5 22. Nf1 Qc4 23. Qf3 Bh6 24. Rxd6 Rc6 25. Rxc6 Qxc6 26. a3 Bf4 27. Ne3
Bxe3 28. Qxe3 Qc4 29. Rg1 Qd4 30. Qxd4 exd4 31. Nd5 Nxd5 32. exd5 Ke7 33. Rd1
Kf6 34. Rxd4 Kxf5 35. b3 Ke5 36. Rd2 Rc8 37. Kc1 Kd6 38. Rf2 Rc7 39. Rf5 a5 40.
Rh5 b4 41. a4 f6 42. Rf5 Rc5 43. Rxf6+ 1-0

[Event "NB II. Barcza csoport"]
[Site "Debrecen"]
[Date "2023.10.08"]
[Round "1.5"]
[White "Zelei, Zoltan"]
[Black "Ats, Laszlo Gyorgy"]
[Result "1-0"]
[WhiteElo "2066"]
[BlackElo "1845"]
[PlyCount "81"]
[EventDate "2023.10.08"]
[EventType "team-tourn"]
[EventRounds "9"]
[EventCountry "HUN"]
[Source "chess.hu"]
[WhiteTeam "Mezokovesd  Zsory SE"]
[BlackTeam "DEAC-Debr.Sakkiskola"]
[WhiteTeamCountry "HUN"]
[BlackTeamCountry "HUN"]

1. d4 d5 2. c4 e6 3. Nc3 Nf6 4. Nf3 h6 5. e3 c6 6. Bd3 Bd6 7. O-O O-O 8. Ne5
Bxe5 9. dxe5 Nfd7 10. f4 f6 11. cxd5 cxd5 12. exf6 Nxf6 13. b3 Nc6 14. Ba3 Rf7
15. Nb5 a6 16. Nd4 Qb6 17. Bg6 Rc7 18. Bd6 Rd7 19. Be5 Ne7 20. Bc2 Kh8 21. Rf3
Neg8 22. Rh3 Rf7 23. g4 Nd7 24. Qd3 Ngf6 25. Qg6 Kg8 26. g5 Nf8 27. Qd3 Ne4 28.
gxh6 g6 29. Qe2 Bd7 30. Bxe4 dxe4 31. Qg4 Kh7 32. Rf1 Bb5 33. Rf2 Rc8 34. Rg3
Rc1+ 35. Kg2 Rf5 36. Nxf5 exf5 37. Qh4 Qe6 38. Qd8 Rc8 39. Qd4 Nd7 40. Bg7 Nc5
41. Bf8 1-0

[Event "NB II. Barcza csoport"]
[Site "Debrecen"]
[Date "2023.10.08"]
[Round "1.6"]
[White "Balazs, Marcell"]
[Black "Sallai, Janos"]
[Result "1-0"]
[WhiteElo "1891"]
[BlackElo "1853"]
[PlyCount "115"]
[EventDate "2023.10.08"]
[EventType "team-tourn"]
[EventRounds "9"]
[EventCountry "HUN"]
[Source "chess.hu"]
[WhiteTeam "DEAC-Debr.Sakkiskola"]
[BlackTeam "Mezokovesd  Zsory SE"]
[WhiteTeamCountry "HUN"]
[BlackTeamCountry "HUN"]

1. d4 Nf6 2. c4 c5 3. d5 e6 4. Nc3 exd5 5. cxd5 d6 6. e4 g6 7. f3 Bg7 8. Bg5 a6
9. a4 Qa5 10. Ra3 Nbd7 11. Qd2 O-O 12. Nh3 Ne5 13. Nf2 Re8 14. Be2 Qb4 15. Nd3
Nxd3+ 16. Bxd3 c4 17. Be2 Nd7 18. O-O Nc5 19. Rb1 Bd7 20. Bd1 Nd3 21. Be2 Qc5+
22. Be3 Bd4 23. Nd1 Bxe3+ 24. Qxe3 Rac8 25. Bxd3 cxd3 26. a5 Bb5 27. Qxc5 Rxc5
28. Nc3 Rec8 29. Rd1 Kg7 30. Kf2 Bc4 31. Ke3 f5 32. Rd2 Re8 33. Kd4 Bb5 34.
Nxb5 Rxb5 35. Kxd3 Rc8 36. Rc2 Rxc2 37. Kxc2 fxe4 38. fxe4 Rb4 39. Re3 Ra4 40.
Rb3 Rxe4 41. Rxb7+ Kf6 42. Kd3 Ra4 43. b4 Ra2 44. Ra7 Ke5 45. Kc4 Rc2+ 46. Kb3
Rxg2 47. Rxa6 Kxd5 48. Ka4 Rxh2 49. Kb5 Rf2 50. Ra7 h5 51. Rh7 Rf8 52. a6 Rb8+
53. Rb7 Ra8 54. a7 h4 55. Kb6 Ke5 56. Rb8 Rxa7 57. Kxa7 g5 58. Rh8 1-0

[Event "NB II. Barcza csoport"]
[Site "Debrecen"]
[Date "2023.10.08"]
[Round "1.7"]
[White "Lengyel, Laszlo"]
[Black "Halasi, Szabolcs"]
[Result "1-0"]
[WhiteElo "1804"]
[BlackElo "1729"]
[PlyCount "41"]
[EventDate "2023.10.08"]
[EventType "team-tourn"]
[EventRounds "9"]
[EventCountry "HUN"]
[Source "chess.hu"]
[WhiteTeam "Mezokovesd  Zsory SE"]
[BlackTeam "DEAC-Debr.Sakkiskola"]
[WhiteTeamCountry "HUN"]
[BlackTeamCountry "HUN"]

1. e4 c6 2. d4 d5 3. Nc3 dxe4 4. Nxe4 Nf6 5. Nxf6+ exf6 6. Nf3 Bd6 7. Be2 O-O
8. O-O Re8 9. c4 Be6 10. b3 Nd7 11. Bb2 Nf8 12. Bd3 Qd7 13. a4 Rad8 14. Qc2 Bg4
15. Nd2 Bb8 16. Rfe1 Qc7 17. g3 h5 18. Bf5 Ne6 19. Bxg4 hxg4 20. Qf5 Nxd4 21.
Rxe8+ 1-0

[Event "NB II. Barcza csoport"]
[Site "Debrecen"]
[Date "2023.10.08"]
[Round "1.8"]
[White "Nemeth, Mark"]
[Black "Pap, Kristof"]
[Result "0-1"]
[WhiteElo "1768"]
[BlackElo "1873"]
[PlyCount "92"]
[EventDate "2023.10.08"]
[EventType "team-tourn"]
[EventRounds "9"]
[EventCountry "HUN"]
[Source "chess.hu"]
[WhiteTeam "DEAC-Debr.Sakkiskola"]
[BlackTeam "Mezokovesd  Zsory SE"]
[WhiteTeamCountry "HUN"]
[BlackTeamCountry "HUN"]

1. f4 d6 2. d4 g6 3. e4 Bg7 4. Nf3 Nd7 5. Bc4 Nb6 6. Bb3 a5 7. a4 Nf6 8. Qe2
Bg4 9. c3 O-O 10. O-O Nfd7 11. h3 Bxf3 12. Qxf3 e6 13. Be3 Qe7 14. Nd2 d5 15.
Bf2 dxe4 16. Qxe4 c6 17. Nf3 Nc8 18. Rae1 Nd6 19. Qd3 Rac8 20. Ng5 Rce8 21.
Bxe6 fxe6 22. Rxe6 Qxe6 23. Nxe6 Rxe6 24. d5 cxd5 25. Qxd5 Rfe8 26. Re1 Nf6 27.
Qb3 Nfe4 28. g4 Nd2 29. Qd5 Nf3+ 30. Qxf3 Rxe1+ 31. Bxe1 Rxe1+ 32. Kf2 Re4 33.
Kg3 Bh6 34. g5 Re3 35. Qxe3 Nf5+ 36. Kf3 Nxe3 37. Kxe3 Bf8 38. Ke4 Be7 39. Ke5
Kf7 40. h4 Bc5 41. f5 Bf2 42. h5 gxh5 43. Kf4 Be1 44. Ke3 h4 45. Kf3 Bd2 46.
Kg4 Bxg5 0-1

[Event "NB II. Barcza csoport"]
[Site "Debrecen"]
[Date "2023.10.08"]
[Round "1.9"]
[White "Hunko, Gyorgy"]
[Black "Pocsik, Gergo"]
[Result "0-1"]
[WhiteElo "1784"]
[BlackElo "1795"]
[PlyCount "22"]
[EventDate "2023.10.08"]
[EventType "team-tourn"]
[EventRounds "9"]
[EventCountry "HUN"]
[Source "chess.hu"]
[WhiteTeam "Mezokovesd  Zsory SE"]
[BlackTeam "DEAC-Debr.Sakkiskola"]
[WhiteTeamCountry "HUN"]
[BlackTeamCountry "HUN"]

1. d4 Nf6 2. Bf4 c5 3. e3 Qb6 4. b3 Nc6 5. Nf3 d6 6. c4 cxd4 7. exd4 Bg4 8. d5
Bxf3 9. Qxf3 Nb4 10. Bd3 Qd4 11. O-O Nxd3 0-1

[Event "NB II. Barcza csoport"]
[Site "Debrecen"]
[Date "2023.10.08"]
[Round "1.10"]
[White "Vass, Boglarka"]
[Black "Pota, Lajos"]
[Result "0-1"]
[WhiteElo "1742"]
[BlackElo "1469"]
[PlyCount "102"]
[EventDate "2023.10.08"]
[EventType "team-tourn"]
[EventRounds "9"]
[EventCountry "HUN"]
[Source "chess.hu"]
[WhiteTeam "DEAC-Debr.Sakkiskola"]
[BlackTeam "Mezokovesd  Zsory SE"]
[WhiteTeamCountry "HUN"]
[BlackTeamCountry "HUN"]

1. e4 c5 2. d4 cxd4 3. c3 d5 4. exd5 Qxd5 5. cxd4 Nc6 6. Nf3 e5 7. Nc3 Bb4 8.
dxe5 Qxd1+ 9. Kxd1 Bxc3 10. bxc3 Nge7 11. h3 O-O 12. Ba3 Re8 13. g4 Ng6 14. Bd6
Ncxe5 15. Nd4 Rd8 16. Bc7 Rd7 17. Ba5 Nc6 18. Bb5 Nxa5 19. Bxd7 Bxd7 20. Kc2
Ba4+ 21. Nb3 Nc4 22. Rad1 h6 23. Rd4 Bc6 24. Re1 Nge5 25. Red1 Na3+ 26. Kb2 Nb5
27. Rf4 f6 28. a4 Nc7 29. Nc5 Kf7 30. Rfd4 Ne6 31. Nxe6 Kxe6 32. f4 Nd7 33.
Rd6+ Ke7 34. a5 a6 35. c4 Rd8 36. c5 Rc8 37. Re1+ Kf7 38. Rc1 Re8 39. Rc3 Re4
40. f5 Re5 41. Rb3 Nxc5 42. Rb6 Na4+ 43. Kc2 Nxb6 44. axb6 Rb5 45. Rd2 Rxb6 46.
Kc3 a5 47. Kc4 a4 48. Ra2 Rb3 49. h4 Rg3 50. g5 hxg5 51. hxg5 Rxg5 0-1

[Event "NB II. Barcza csoport"]
[Site "Debrecen"]
[Date "2023.10.08"]
[Round "1.11"]
[White "Gaspar, Muriel Aranka"]
[Black "Gencsi, David Sandor"]
[Result "0-1"]
[WhiteElo "1443"]
[BlackElo "1634"]
[PlyCount "68"]
[EventDate "2023.10.08"]
[EventType "team-tourn"]
[EventRounds "9"]
[EventCountry "HUN"]
[Source "chess.hu"]
[WhiteTeam "Mezokovesd  Zsory SE"]
[BlackTeam "DEAC-Debr.Sakkiskola"]
[WhiteTeamCountry "HUN"]
[BlackTeamCountry "HUN"]

1. d4 Nf6 2. Nc3 d5 3. Bg5 e6 4. e4 Be7 5. e5 Nfd7 6. Bxe7 Qxe7 7. Qg4 f6 8. f4
O-O 9. O-O-O a6 10. Nf3 c5 11. Qh4 Nc6 12. Bd3 h6 13. exf6 Rxf6 14. Rhe1 Qd6
15. dxc5 Nxc5 16. Ne5 Nb4 17. Bf1 Qb6 18. a3 Nc6 19. Ng4 Rf7 20. Qg3 Kh8 21. b4
Nxb4 22. axb4 Qxb4 23. Nxd5 exd5 24. Re8+ Kh7 25. Bd3+ Nxd3+ 26. Rxd3 Re7 27.
Rxe7 Qxe7 28. Ne5 Qd6 29. Nf7 Qc5 30. Rc3 Qg1+ 31. Kb2 Qb6+ 32. Kc1 Bf5 33. Rb3
Qc7 34. Ne5 Qxc2# 0-1

[Event "NB II. Barcza csoport"]
[Site "Debrecen"]
[Date "2023.10.08"]
[Round "1.12"]
[White "Radai, Balazs"]
[Black "Zaborszki, Aron"]
[Result "1-0"]
[WhiteElo "1680"]
[BlackElo "1042"]
[PlyCount "111"]
[EventDate "2023.10.08"]
[EventType "team-tourn"]
[EventRounds "9"]
[EventCountry "HUN"]
[Source "chess.hu"]
[WhiteTeam "DEAC-Debr.Sakkiskola"]
[BlackTeam "Mezokovesd  Zsory SE"]
[WhiteTeamCountry "HUN"]
[BlackTeamCountry "HUN"]

1. c4 e5 2. g3 Nf6 3. Nc3 Bb4 4. Bg2 O-O 5. e3 Nc6 6. Nge2 Bxc3 7. Nxc3 Re8 8.
d3 d6 9. a3 a5 10. O-O Be6 11. Qb3 Qd7 12. Qxb7 d5 13. Nb5 Rec8 14. cxd5 Nxd5
15. Nxc7 Nxc7 16. Qxc6 Qxc6 17. Bxc6 Ra6 18. Bb7 Rd8 19. Bxa6 Nxa6 20. Bd2 Bh3
21. Rfd1 a4 22. Bc3 Re8 23. d4 exd4 24. Rxd4 Nc5 25. Rad1 Ne6 26. Rxa4 h6 27.
Rc4 Ng5 28. a4 Nf3+ 29. Kh1 h5 30. a5 Bg4 31. Rcd4 Nxd4 32. Rxd4 Bf3+ 33. Kg1
f6 34. Kf1 g5 35. Ke1 Kf7 36. Kd2 Rh8 37. Rd6 Rh6 38. a6 h4 39. gxh4 gxh4 40.
a7 Rg6 41. Rd8 Rg2 42. a8=Q Bxa8 43. Rxa8 Rxh2 44. Ke2 Rh1 45. Ra6 Kg6 46.
Rxf6+ Kg5 47. Be5 Kg4 48. b4 Rb1 49. Rf4+ Kh3 50. Bf6 Kg2 51. Rg4+ Kh2 52.
Rxh4+ Kg1 53. Rc4 Rf1 54. Rg4+ Kh1 55. Kxf1 Kh2 56. Rh4# 1-0

[Event "NB II. Barcza csoport"]
[Site "Nyiregyhaza"]
[Date "2023.10.08"]
[Round "1.1"]
[White "Csendi, Balazs"]
[Black "Coroian, Sebastian-Dumitru"]
[Result "0-1"]
[WhiteElo "2067"]
[BlackElo "2094"]
[PlyCount "108"]
[EventDate "2023.10.08"]
[EventType "team-tourn"]
[EventRounds "9"]
[EventCountry "HUN"]
[Source "chess.hu"]
[WhiteTeam "M.Sportisk-KisBocsok"]
[BlackTeam "NYESE"]
[WhiteTeamCountry "HUN"]
[BlackTeamCountry "HUN"]

1. e4 c5 2. Nf3 Nc6 3. d4 cxd4 4. Nxd4 Nf6 5. Nc3 d6 6. Bc4 Qb6 7. Nb3 e6 8.
O-O a6 9. a4 Be7 10. a5 Qc7 11. Be2 Bd7 12. Be3 Rc8 13. f4 O-O 14. Bf3 Nb4 15.
Bd4 Bc6 16. Rf2 d5 17. e5 Nd7 18. Ne2 Bb5 19. Bc3 Bxe2 20. Bxe2 g6 21. Kh1 Nc6
22. Bd3 Nc5 23. Nxc5 Bxc5 24. Rf3 Nb4 25. Bxb4 Bxb4 26. Rh3 Bxa5 27. Qg4 f5 28.
exf6 Rxf6 29. f5 exf5 30. Qd4 Rd6 31. Bxf5 Rf8 32. Bd3 Bb6 33. Qe5 Qd8 34. Re1
Qf6 35. Qe2 Rdd8 36. Rf3 Qd6 37. c4 Rxf3 38. gxf3 d4 39. Be4 Kg7 40. Bd5 Rd7
41. Qe8 d3 42. Re6 d2 43. Rxd6 d1=Q+ 44. Kg2 Qd2+ 45. Kh3 Qh6+ 46. Kg2 Qg5+ 47.
Kh3 Rxd6 48. Qg8+ Kf6 49. Qf8+ Ke5 50. Qe8+ Kf5 51. Qf8+ Qf6 52. Qc8+ Kg5 53.
c5 Rxd5 54. cxb6 Qf5+ 0-1

[Event "NB II. Barcza csoport"]
[Site "Nyiregyhaza"]
[Date "2023.10.08"]
[Round "1.2"]
[White "Lazin, Robert-Tamas"]
[Black "Vanczak, Attila"]
[Result "1-0"]
[WhiteElo "2060"]
[BlackElo "2135"]
[PlyCount "95"]
[EventDate "2023.10.08"]
[EventType "team-tourn"]
[EventRounds "9"]
[EventCountry "HUN"]
[Source "chess.hu"]
[WhiteTeam "NYESE"]
[BlackTeam "M.Sportisk-KisBocsok"]
[WhiteTeamCountry "HUN"]
[BlackTeamCountry "HUN"]

1. e4 c6 2. d4 d5 3. exd5 cxd5 4. Bf4 Nf6 5. Nd2 g6 6. c3 Bg7 7. Ngf3 O-O 8.
Bd3 Nc6 9. O-O Nh5 10. Be3 Qc7 11. Re1 Nf4 12. Bxf4 Qxf4 13. Qb3 Qd6 14. Re2
Rb8 15. a4 Bf5 16. Ne1 Kh8 17. Bxf5 gxf5 18. Nd3 e6 19. Nf3 Bf6 20. Rae1 Rg8
21. Qd1 Rg4 22. Nfe5 Bxe5 23. dxe5 Qe7 24. f3 Rg5 25. b4 Rbg8 26. Qd2 Qf8 27.
a5 a6 28. Kh1 Qe7 29. Rc1 Qf8 30. Qe1 Qh6 31. Rcc2 Ne7 32. Nc5 f4 33. Nxb7 Nf5
34. Nd6 Qh5 35. Nxf5 Rxf5 36. c4 dxc4 37. Rxc4 Rd8 38. Rc6 Rd5 39. Rxa6 Rfxe5
40. Qa1 Qf5 41. h3 f6 42. Rxe5 fxe5 43. Ra8+ Kg7 44. a6 Qc2 45. Kh2 Qe2 46. Qg1
Rd1 47. Qa7+ Kh6 48. Rg8 1-0

[Event "NB II. Barcza csoport"]
[Site "Nyiregyhaza"]
[Date "2023.10.08"]
[Round "1.3"]
[White "Zelena, Tamas"]
[Black "Gorombei, Balint"]
[Result "0-1"]
[WhiteElo "1925"]
[BlackElo "1967"]
[PlyCount "118"]
[EventDate "2023.10.08"]
[EventType "team-tourn"]
[EventRounds "9"]
[EventCountry "HUN"]
[Source "chess.hu"]
[WhiteTeam "M.Sportisk-KisBocsok"]
[BlackTeam "NYESE"]
[WhiteTeamCountry "HUN"]
[BlackTeamCountry "HUN"]

1. e4 c5 2. Nf3 d6 3. d4 cxd4 4. Nxd4 Nf6 5. Nc3 e6 6. Bg5 Be7 7. Qd2 a6 8.
O-O-O Qc7 9. f4 Bd7 10. g4 Nc6 11. Bg2 O-O-O 12. h3 h6 13. Bxf6 Bxf6 14. Nb3
Be8 15. Kb1 g5 16. f5 Be5 17. Ne2 Qb6 18. Ned4 Nxd4 19. Nxd4 Bxd4 20. Qxd4 Qxd4
21. Rxd4 Bc6 22. Rd2 d5 23. exd5 Bxd5 24. Bxd5 Rxd5 25. Rxd5 exd5 26. Kc1 h5
27. Rd1 hxg4 28. hxg4 Rh4 29. Rd4 Kc7 30. c3 Kc6 31. Kc2 Rh2+ 32. Kb3 b5 33. a4
Rf2 34. axb5+ axb5 35. Ka3 Kc5 36. Kb3 Kd6 37. Rb4 Kc6 38. Rd4 Kc5 39. Rd1 Rf4
40. Rg1 Re4 41. Rh1 Kd6 42. Rh2 Ke7 43. Rh6 Rxg4 44. Rb6 Rf4 45. Rxb5 Rxf5 46.
Rb4 Rf6 47. Kc2 Re6 48. Rg4 Kf6 49. b4 Kf5 50. Rd4 Ke5 51. Rg4 Rg6 52. Kd3 f5
53. Rg1 g4 54. c4 dxc4+ 55. Kxc4 f4 56. Kc5 f3 57. b5 f2 58. Rf1 g3 59. b6 Rxb6
0-1